[Event "Liga Madrileña - DH 2016-2017"]
[Site "Madrid ESP"]
[Date "2017.02.05"]
[Round "8.15"]
[White "Guadamuro Torrente, Anabel"]
[Black "Cobo Diego, Fidel"]
[Result "1-0"]
[WhiteElo "2130"]
[BlackElo "2056"]
[PlyCount "79"]
[EventDate "2016.11.20"]
[EventType "team-tourn"]
[EventRounds "14"]
[EventCountry "ESP"]
[SourceTitle "Ajedrez en Madrid"]
[Source "lmi"]
[SourceDate "2016.11.20"]
[WhiteTeam "La Casa del Ajedrez"]
[BlackTeam "Moratalaz"]
[WhiteTeamCountry "ESP"]
[BlackTeamCountry "ESP"]

1. e4 c5 2. d3 Nc6 3. g3 g6 4. Bg2 Bg7 5. f4 d6 6. Nf3 e6 7. c3 Nge7 8. O-O O-O
9. Be3 b6 10. d4 cxd4 11. cxd4 d5 12. e5 Nf5 13. Bf2 Qd7 14. g4 Nfe7 15. a3 Ba6
16. Re1 Na5 17. Nbd2 Bh6 18. b4 Nc4 19. Nxc4 Bxc4 20. Nd2 Rac8 21. Be3 Bd3 22.
Qf3 Bg7 23. Bf2 Bc2 24. Bh4 Rc7 25. Bf6 Rfc8 26. Qg3 Bf8 27. Qh4 Be4 28. Nxe4
dxe4 29. Rad1 Nd5 30. f5 exf5 31. gxf5 Nxf6 32. exf6 Qxf5 33. Bh3 Qf3 34. Bxc8
Rxc8 35. Qxe4 Qxa3 36. Re3 Qxb4 37. Qh4 Rc3 38. Re8 Rc4 39. Qh6 Rc6 40. Qg7#
1-0

[Event "Liga Madrileña - DH 2016-2017"]
[Site "Madrid ESP"]
[Date "2017.02.05"]
[Round "8.16"]
[White "Garcia Ruido, Ricardo"]
[Black "Collado Barbas, Laura"]
[Result "1/2-1/2"]
[WhiteElo "2000"]
[BlackElo "2096"]
[PlyCount "125"]
[EventDate "2016.11.20"]
[EventType "team-tourn"]
[EventRounds "14"]
[EventCountry "ESP"]
[SourceTitle "Ajedrez en Madrid"]
[Source "lmi"]
[SourceDate "2016.11.20"]
[WhiteTeam "Moratalaz"]
[BlackTeam "La Casa del Ajedrez"]
[WhiteTeamCountry "ESP"]
[BlackTeamCountry "ESP"]

1. d4 d5 2. c4 e6 3. Nf3 c6 4. Qc2 dxc4 5. Qxc4 Nf6 6. g3 b5 7. Qc2 Bb7 8. Bg2
Nbd7 9. O-O Be7 10. Rd1 Qb6 11. e4 c5 12. e5 Nd5 13. Bg5 cxd4 14. Bxe7 Nxe7 15.
Qe2 Bxf3 16. Qxf3 Rd8 17. Qh5 Ng6 18. Re1 Qc5 19. Nd2 Ngxe5 20. Ne4 Qb6 21. Ng5
Nf6 22. Qh3 Ng6 23. Nxe6 Ne7 24. Nxd8 Qxd8 25. Bc6+ Kf8 26. Bxb5 h6 27. Rad1 g5
28. Qf1 Kg7 29. Qd3 Ng6 30. Qxd4 Qa5 31. a4 h5 32. Qc3 Qb6 33. Qd4 Qa5 34. Bc6
h4 35. b4 Qc7 36. Bg2 hxg3 37. fxg3 Rh6 38. Rf1 Nf8 39. b5 Ne6 40. Qd6 Qc3 41.
Rfe1 Ng4 42. h3 Ne3 43. Rc1 Qb2 44. Bf1 Nxf1 45. Kxf1 Rf6+ 46. Kg1 Qf2+ 47. Kh1
Qf3+ 48. Kh2 Qf2+ 49. Kh1 Nd4 50. Qe5 Nf3 51. Qe2 Qxg3 52. Qg2 Qf4 53. Rf1 Qe3
54. Rc6 Nh4 55. Rcxf6 Nxg2 56. Rxf7+ Kg8 57. Kxg2 Qe4+ 58. Kg3 Qh4+ 59. Kg2
Qxa4 60. Rf8+ Kg7 61. R1f7+ Kg6 62. Rf6+ Kg7 63. R8f7+ 1/2-1/2

[Event "Liga Madrileña - DH 2016-2017"]
[Site "Madrid ESP"]
[Date "2017.02.05"]
[Round "8.22"]
[White "Rubio Mejia, Luis Ignacio"]
[Black "Gallardo Garcia, Andres"]
[Result "1/2-1/2"]
[WhiteElo "2443"]
[BlackElo "2327"]
[PlyCount "38"]
[EventDate "2016.11.20"]
[EventType "team-tourn"]
[EventRounds "14"]
[EventCountry "ESP"]
[SourceTitle "Ajedrez en Madrid"]
[Source "lmi"]
[SourceDate "2016.11.20"]
[WhiteTeam "Virgen de Atocha"]
[BlackTeam "Liberty Chess"]
[WhiteTeamCountry "ESP"]
[BlackTeamCountry "ESP"]

1. d4 Nf6 2. Nf3 e6 3. c4 b6 4. g3 Ba6 5. b3 Bb4+ 6. Bd2 Be7 7. Nc3 O-O 8. e4
d5 9. cxd5 Bxf1 10. Kxf1 exd5 11. e5 Ne4 12. Qe2 Nxc3 13. Bxc3 c5 14. Rd1 Qd7
15. Kg2 Nc6 16. Ne1 Qe6 17. f4 f6 18. Nf3 fxe5 19. dxe5 Rad8 1/2-1/2

[Event "Liga Madrileña - DH 2016-2017"]
[Site "Madrid ESP"]
[Date "2017.02.05"]
[Round "8.23"]
[White "Fernandez Garcia, Miguel Angel"]
[Black "Martinez Martin, David"]
[Result "0-1"]
[WhiteElo "2366"]
[BlackElo "2411"]
[PlyCount "86"]
[EventDate "2016.11.20"]
[EventType "team-tourn"]
[EventRounds "14"]
[EventCountry "ESP"]
[SourceTitle "Ajedrez en Madrid"]
[Source "lmi"]
[SourceDate "2016.11.20"]
[WhiteTeam "Liberty Chess"]
[BlackTeam "Virgen de Atocha"]
[WhiteTeamCountry "ESP"]
[BlackTeamCountry "ESP"]

1. d4 Nf6 2. c4 e6 3. Nf3 d5 4. e3 Be7 5. b3 O-O 6. Be2 b6 7. O-O Bb7 8. Bb2
Nbd7 9. Nc3 Ne4 10. Qc2 f5 11. Ne5 Nxc3 12. Qxc3 Nxe5 13. dxe5 a5 14. Rad1 Bb4
15. Qc1 Qe7 16. cxd5 Bxd5 17. Bc4 c6 18. f3 a4 19. a3 Bxc4 20. Qxc4 Bc5 21. b4
Bxe3+ 22. Kh1 c5 23. Rd3 f4 24. Rfd1 cxb4 25. Rd7 Rfd8 26. Qc6 Rxd7 27. Rxd7
Rd8 28. Rxd8+ Qxd8 29. Qxe6+ Kh8 30. g4 fxg3 31. hxg3 Qd1+ 32. Kg2 Qg1+ 33. Kh3
Qh1+ 34. Kg4 h5+ 35. Kf5 Qh3+ 36. g4 Qxf3+ 37. Kg6 Qxg4+ 38. Qxg4 hxg4 39. e6
Bc5 40. Kf7 bxa3 41. Bxg7+ Kh7 42. Bd4 a2 43. Bxc5 bxc5 0-1

[Event "Liga Madrileña - DH 2016-2017"]
[Site "Madrid ESP"]
[Date "2017.02.05"]
[Round "8.24"]
[White "Plazuelo Pascual, Juan"]
[Black "Garcia Cuenca, Victor Manuel"]
[Result "1/2-1/2"]
[WhiteElo "2307"]
[BlackElo "2339"]
[PlyCount "56"]
[EventDate "2016.11.20"]
[EventType "team-tourn"]
[EventRounds "14"]
[EventCountry "ESP"]
[SourceTitle "Ajedrez en Madrid"]
[Source "lmi"]
[SourceDate "2016.11.20"]
[WhiteTeam "Virgen de Atocha"]
[BlackTeam "Liberty Chess"]
[WhiteTeamCountry "ESP"]
[BlackTeamCountry "ESP"]

1. d4 Nf6 2. c4 c5 3. d5 b5 4. cxb5 a6 5. bxa6 g6 6. Nc3 Bg7 7. e4 O-O 8. a7
Rxa7 9. Nf3 e6 10. Be2 exd5 11. exd5 Re8 12. O-O d6 13. Bb5 Bd7 14. Bc4 Ne4 15.
Nxe4 Rxe4 16. Qc2 Qe8 17. Bd2 Rxc4 18. Qxc4 Bb5 19. Qb3 Bxf1 20. Rxf1 Nd7 21.
Bf4 Qa8 22. Bxd6 Ra6 23. Bc7 Rxa2 24. Rb1 Ra1 25. Qc2 Rxb1+ 26. Qxb1 Qxd5 27.
b4 Qb7 28. Bd6 cxb4 1/2-1/2

[Event "Liga Madrileña - DH 2016-2017"]
[Site "Madrid ESP"]
[Date "2017.02.05"]
[Round "8.25"]
[White "Sanchez Gonzalez, Sergio"]
[Black "Quispe Arteaga, Gabriel"]
[Result "1/2-1/2"]
[WhiteElo "2282"]
[BlackElo "2270"]
[PlyCount "196"]
[EventDate "2016.11.20"]
[EventType "team-tourn"]
[EventRounds "14"]
[EventCountry "ESP"]
[SourceTitle "Ajedrez en Madrid"]
[Source "lmi"]
[SourceDate "2016.11.20"]
[WhiteTeam "Liberty Chess"]
[BlackTeam "Virgen de Atocha"]
[WhiteTeamCountry "ESP"]
[BlackTeamCountry "ESP"]

1. Nf3 d5 2. g3 Nf6 3. Bg2 e6 4. O-O Be7 5. d3 O-O 6. Nbd2 c5 7. e4 Nc6 8. c3
Ng4 9. d4 dxe4 10. Nxe4 cxd4 11. Nxd4 Nxd4 12. cxd4 Nf6 13. Nxf6+ Bxf6 14. Be3
Qa5 15. Qb3 Rd8 16. Rfd1 Bd7 17. Rdc1 Rab8 18. Rc5 Qb6 19. Qxb6 axb6 20. Rc4
Be8 21. Rac1 g6 22. a3 b5 23. Rb4 Be7 24. Rb3 Kg7 25. Rc7 Rd7 26. Rxd7 Bxd7 27.
Bf4 Rd8 28. Bxb7 Be8 29. Rc3 b4 30. axb4 Bxb4 31. Rc8 Rxc8 32. Bxc8 Bb5 33. Bb7
Kf6 34. Be5+ Ke7 35. Kg2 f6 36. Bb8 Be2 37. f3 Be1 38. Ba7 Bb5 39. Bc5+ Kd7 40.
Be4 Ba5 41. Kf2 Bc7 42. Ke3 Bc4 43. Bd3 Bd5 44. Bb5+ Bc6 45. Bc4 Bd5 46. Bxd5
exd5 47. Bf8 Kc6 48. Be7 f5 49. Kd3 Kb5 50. b3 Bb8 51. Kc3 Bc7 52. Bf6 Bd6 53.
Be5 Be7 54. h3 Bg5 55. Bd6 Bf6 56. Kd3 Kc6 57. Be5 Be7 58. g4 Kb5 59. Bf4 Kb4
60. Kc2 Bf6 61. Bd6+ Kb5 62. Kd3 Kc6 63. Bc5 Bg5 64. Ke2 Bf4 65. Be7 Kb5 66.
Kd3 Kc6 67. Bh4 Kb5 68. Be1 Bd6 69. Ke3 f4+ 70. Kd3 g5 71. h4 h6 72. h5 Be7 73.
Bc3 Bf6 74. Bd2 Be7 75. Kc2 Bd6 76. Bc3 Be7 77. Kb1 Bf6 78. Ka2 Bg7 79. Ka3
Bf8+ 80. Kb2 Bg7 81. Ka2 Bh8 82. Kb2 Bf6 83. Kc2 Be7 84. Bd2 Bd6 85. Kb2 Be7
86. Bc1 Bf6 87. Kc3 Be7 88. Bb2 Bf8 89. Bc1 Be7 90. Kb2 Bf6 91. Kc3 Be7 92. Bb2
Bf6 93. Kc2 Kb4 94. Bc3+ Kb5 95. Kb1 Bg7 96. Ka2 Bh8 97. Ka3 Bg7 98. Kb2 Bf6
1/2-1/2

[Event "Liga Madrileña - DH 2016-2017"]
[Site "Madrid ESP"]
[Date "2017.02.05"]
[Round "8.26"]
[White "Vazquez Torres, Adrian"]
[Black "Martin Rueda, Daniel"]
[Result "0-1"]
[WhiteElo "2223"]
[BlackElo "2292"]
[PlyCount "126"]
[EventDate "2016.11.20"]
[EventType "team-tourn"]
[EventRounds "14"]
[EventCountry "ESP"]
[SourceTitle "Ajedrez en Madrid"]
[Source "lmi"]
[SourceDate "2016.11.20"]
[WhiteTeam "Virgen de Atocha"]
[BlackTeam "Liberty Chess"]
[WhiteTeamCountry "ESP"]
[BlackTeamCountry "ESP"]

1. e4 c5 2. Nf3 d6 3. d4 cxd4 4. Nxd4 Nf6 5. Nc3 a6 6. Bc4 e6 7. Bb3 b5 8. O-O
Be7 9. Qf3 Qc7 10. Qg3 O-O 11. Bh6 Ne8 12. Rad1 Kh8 13. Be3 Nf6 14. a3 Bd7 15.
f4 Nc6 16. Nf3 Na5 17. e5 Ne8 18. Bd4 Nxb3 19. cxb3 Bc6 20. Ng5 Bxg5 21. exd6
Bxf4 22. Qxf4 Qd7 23. g4 f6 24. g5 Rd8 25. Be5 Rg8 26. Rd4 fxe5 27. Qxe5 Nxd6
28. Qc5 Nb7 29. Rxd7 Nxc5 30. Rc7 Rc8 31. Ra7 Nxb3 32. Rxa6 Nd2 33. Rf7 Nf3+
34. Kf2 Nxg5 35. Re7 Rgf8+ 36. Ke3 h6 37. Raa7 Rf3+ 38. Ke2 Rg8 39. h4 Nh3 40.
Rec7 Nf4+ 41. Ke1 Bd5 42. Nxb5 Nd3+ 43. Ke2 Rg3 44. Nd6 Nxb2 45. Nf7+ Kh7 46.
Ne5 Rf8 47. h5 Rg2+ 48. Ke3 Rg5 49. Ng6 Nc4+ 50. Kd4 Rg8 51. Ne7 Rd8 52. Ng6
Rg8 53. Ne7 Nd6 54. Kc5 Ne4+ 55. Kd4 Rd8 56. Ng6 Rg8 57. Ne7 Ra8 58. Rxa8 Bxa8
59. Rc8 e5+ 60. Ke3 Bb7 61. Rb8 Rg3+ 62. Ke2 Ba6+ 63. Kd1 Bd3 0-1

[Event "Liga Madrileña - DH 2016-2017"]
[Site "Madrid ESP"]
[Date "2017.02.05"]
[Round "8.31"]
[White "Perez Mitjans, Orelvis"]
[Black "Moreno Ibanez, Miguel"]
[Result "0-1"]
[WhiteElo "2432"]
[BlackElo "2286"]
[PlyCount "118"]
[EventDate "2016.11.20"]
[EventType "team-tourn"]
[EventRounds "14"]
[EventCountry "ESP"]
[SourceTitle "Ajedrez en Madrid"]
[Source "lmi"]
[SourceDate "2016.11.20"]
[WhiteTeam "64 Villalba"]
[BlackTeam "Pueblo Nuevo"]
[WhiteTeamCountry "ESP"]
[BlackTeamCountry "ESP"]

1. e4 g6 2. d4 Bg7 3. Nf3 d6 4. h3 Nf6 5. Nc3 a6 6. a4 b6 7. Be3 O-O 8. Be2 e6
9. O-O Bb7 10. Nd2 Nbd7 11. f4 c5 12. Nc4 Bxe4 13. Nxd6 Bc6 14. a5 Qb8 15. Nc4
cxd4 16. Bxd4 b5 17. Ne3 Qb7 18. Qe1 Rac8 19. Rd1 Rfe8 20. Qh4 b4 21. Nb1 Bb5
22. Qe1 e5 23. fxe5 Nxe5 24. Nd2 Re6 25. Bxb5 Qxb5 26. Qh4 Qxa5 27. Nb3 Qb5 28.
Ra1 Nc4 29. Nxc4 Qxc4 30. Ra5 Nh5 31. Qf2 Qc7 32. Bxg7 Nxg7 33. Rd5 Nf5 34. Rc5
Rc6 35. Rxc6 Qxc6 36. g4 Nd6 37. Nd4 Qd5 38. Re1 Rc4 39. Nf3 Rf4 40. Re3 Nc4
41. Rd3 Qe4 42. Qc5 Kg7 43. Qxb4 h6 44. Qc3+ Rf6 45. b3 Na3 46. Re3 Qxc2 47.
Qe5 Qc1+ 48. Kg2 Qc6 49. h4 Kh7 50. h5 Nb5 51. g5 Re6 52. hxg6+ Rxg6 53. Kf2
Qc2+ 54. Re2 Qc3 55. Qf5 Qxb3 56. gxh6 Nc3 57. Ng5+ Kxh6 58. Nxf7+ Kg7 59. Re7
a5 0-1

[Event "Liga Madrileña - DH 2016-2017"]
[Site "Madrid ESP"]
[Date "2017.02.05"]
[Round "8.32"]
[White "Fernandez Lledo, Javier"]
[Black "Rodriguez Cespedes, Amador"]
[Result "0-1"]
[WhiteElo "2239"]
[BlackElo "2424"]
[PlyCount "68"]
[EventDate "2016.11.20"]
[EventType "team-tourn"]
[EventRounds "14"]
[EventCountry "ESP"]
[SourceTitle "Ajedrez en Madrid"]
[Source "lmi"]
[SourceDate "2016.11.20"]
[WhiteTeam "Pueblo Nuevo"]
[BlackTeam "64 Villalba"]
[WhiteTeamCountry "ESP"]
[BlackTeamCountry "ESP"]

1. e4 e5 2. Nc3 Nf6 3. f4 d5 4. fxe5 Nxe4 5. Nf3 Nc6 6. Bb5 a6 7. Bxc6+ bxc6 8.
Qe2 Ng5 9. d4 Nxf3+ 10. Qxf3 Qh4+ 11. Qf2 Qxf2+ 12. Kxf2 Be7 13. Be3 O-O 14.
Rhd1 Bg4 15. Rf1 a5 16. Kg3 Bc8 17. Rad1 a4 18. Rf2 Be6 19. b3 a3 20. Ne2 Rfb8
21. c3 Bc8 22. h4 h6 23. Nf4 Ba6 24. e6 Bd6 25. exf7+ Kxf7 26. Kh3 Kg8 27. h5
Re8 28. Bc1 Re4 29. g3 Rae8 30. b4 Bxf4 31. gxf4 Re2 32. Rxe2 Rxe2 33. Bxa3
Rxa2 34. b5 Bc8+ 0-1

[Event "Liga Madrileña - DH 2016-2017"]
[Site "Madrid ESP"]
[Date "2017.02.05"]
[Round "8.33"]
[White "Garrido Dominguez, Jesus"]
[Black "Baigorri Navarro, Francisco Javier"]
[Result "0-1"]
[WhiteElo "2395"]
[BlackElo "2192"]
[PlyCount "100"]
[EventDate "2016.11.20"]
[EventType "team-tourn"]
[EventRounds "14"]
[EventCountry "ESP"]
[SourceTitle "Ajedrez en Madrid"]
[Source "lmi"]
[SourceDate "2016.11.20"]
[WhiteTeam "64 Villalba"]
[BlackTeam "Pueblo Nuevo"]
[WhiteTeamCountry "ESP"]
[BlackTeamCountry "ESP"]

1. e4 e5 2. Nf3 Nf6 3. Nxe5 d6 4. Nc4 Nxe4 5. Qe2 Qe7 6. Ne3 c6 7. c4 g6 8. g3
Bg7 9. Bg2 O-O 10. O-O Nc5 11. Rd1 Ne6 12. Nc2 Re8 13. Re1 Bd7 14. Nc3 Qf8 15.
Qf1 a5 16. b3 Na6 17. Ba3 Nd4 18. Ne3 Nb4 19. Rac1 f5 20. f4 Qf6 21. Bxb4 axb4
22. Na4 Qd8 23. c5 d5 24. Qd3 Be6 25. Nd1 Bf7 26. Nf2 Qa5 27. Qf1 Qb5 28. Nd3
Rxe1 29. Rxe1 Ne6 30. Ne5 Qxf1+ 31. Kxf1 Ra5 32. Nd3 Bd4 33. Rc1 Rb5 34. Bf3 g5
35. Be2 gxf4 36. gxf4 Bg7 37. Kf2 Nd4 38. Ke3 Nxe2 39. Kxe2 Bd4 40. Ne5 Bh5+
41. Kd3 Bf2 42. Rf1 Bh4 43. Ke3 Kf8 44. Rg1 Be8 45. d4 Bd8 46. Rg2 Ra5 47. Nd3
Rb5 48. a3 Ba5 49. Ra2 bxa3 50. Rxa3 Bh5 0-1

[Event "Liga Madrileña - DH 2016-2017"]
[Site "Madrid ESP"]
[Date "2017.02.05"]
[Round "8.34"]
[White "Iturbide Arnedo, Oscar"]
[Black "Ruperez Benito, Antonio"]
[Result "0-1"]
[WhiteElo "2182"]
[BlackElo "2313"]
[PlyCount "56"]
[EventDate "2016.11.20"]
[EventType "team-tourn"]
[EventRounds "14"]
[EventCountry "ESP"]
[SourceTitle "Ajedrez en Madrid"]
[Source "lmi"]
[SourceDate "2016.11.20"]
[WhiteTeam "Pueblo Nuevo"]
[BlackTeam "64 Villalba"]
[WhiteTeamCountry "ESP"]
[BlackTeamCountry "ESP"]

1. e4 e6 2. d4 d5 3. Nd2 Nf6 4. e5 Nfd7 5. Bd3 c5 6. c3 Nc6 7. Ne2 cxd4 8. cxd4
f6 9. exf6 Nxf6 10. O-O Bd6 11. Nf3 Qc7 12. Bg5 O-O 13. Rc1 Bd7 14. Re1 h6 15.
Bh4 Nh5 16. Nc3 Qb6 17. Na4 Qa5 18. Nc5 Bxc5 19. Rxc5 Qb6 20. Ne5 Nxe5 21. Rxe5
Nf4 22. b3 Rfc8 23. Be7 Re8 24. Bh4 Rac8 25. Rc2 Nxd3 26. Qxd3 Rxc2 27. Qxc2
Qxd4 28. Bg3 Qa1+ 0-1

[Event "Liga Madrileña - DH 2016-2017"]
[Site "Madrid ESP"]
[Date "2017.02.05"]
[Round "8.35"]
[White "Cabañas Jimenez, Andres"]
[Black "Nieto de la Cruz, Julio"]
[Result "1/2-1/2"]
[WhiteElo "2236"]
[BlackElo "2144"]
[PlyCount "94"]
[EventDate "2016.11.20"]
[EventType "team-tourn"]
[EventRounds "14"]
[EventCountry "ESP"]
[SourceTitle "Ajedrez en Madrid"]
[Source "lmi"]
[SourceDate "2016.11.20"]
[WhiteTeam "64 Villalba"]
[BlackTeam "Pueblo Nuevo"]
[WhiteTeamCountry "ESP"]
[BlackTeamCountry "ESP"]

1. e4 c5 2. Nc3 Nc6 3. g3 g6 4. Bg2 Bg7 5. d3 Rb8 6. Be3 b5 7. Qd2 d6 8. Nge2
h5 9. h3 b4 10. Nd1 e5 11. O-O Nge7 12. f4 f5 13. c3 O-O 14. Nf2 Qa5 15. exf5
Bxf5 16. Ne4 bxc3 17. bxc3 Rfd8 18. Rab1 Rxb1 19. Rxb1 d5 20. Nxc5 d4 21. cxd4
exf4 22. Qxa5 Nxa5 23. Nxf4 Bxd4 24. Bxd4 Rxd4 25. Rb8+ Kf7 26. Rf8+ Kxf8 27.
Nfe6+ Kf7 28. Nxd4 Bc8 29. Kf2 Kf6 30. Ke3 Ke5 31. Ncb3 Nxb3 32. Nxb3 Nf5+ 33.
Kf2 Be6 34. Be4 g5 35. Na5 Nd4 36. h4 gxh4 37. gxh4 Bxa2 38. Bg6 Nf5 39. Nc6+
Kf4 40. Bxh5 Nxh4 41. Nxa7 Nf5 42. Nb5 Bb1 43. Be2 Ng3 44. Nc3 Nxe2 45. Nxe2+
Ke5 46. d4+ Ke4 47. Ke1 Bd3 1/2-1/2

[Event "Liga Madrileña - DH 2016-2017"]
[Site "Madrid ESP"]
[Date "2017.02.05"]
[Round "8.36"]
[White "Barez Menendez, Hector"]
[Black "Pascual Palomo, Lucia"]
[Result "1-0"]
[WhiteElo "2142"]
[BlackElo "2109"]
[PlyCount "63"]
[EventDate "2016.11.20"]
[EventType "team-tourn"]
[EventRounds "14"]
[EventCountry "ESP"]
[SourceTitle "Ajedrez en Madrid"]
[Source "lmi"]
[SourceDate "2016.11.20"]
[WhiteTeam "Pueblo Nuevo"]
[BlackTeam "64 Villalba"]
[WhiteTeamCountry "ESP"]
[BlackTeamCountry "ESP"]

1. d4 e6 2. Nf3 Nf6 3. c4 b6 4. e3 Bb7 5. Bd3 c5 6. O-O Be7 7. Nc3 O-O 8. b3 d5
9. Bb2 Nc6 10. Qe2 Nb4 11. Bb1 dxc4 12. bxc4 Bxf3 13. gxf3 cxd4 14. exd4 Rc8
15. Rd1 Qc7 16. a3 Nc6 17. Ba2 Qf4 18. Ne4 Nxe4 19. fxe4 Rfd8 20. Rd3 Bf6 21.
e5 Bh4 22. d5 Na5 23. Rd4 Qh6 24. Kh1 Bg5 25. Rg4 Bf4 26. h4 exd5 27. cxd5 Bc1
28. Bd4 Rc7 29. d6 Rb7 30. e6 fxe6 31. Qxe6+ Kf8 32. Qg8# 1-0

[Event "Liga Madrileña - DH 2016-2017"]
[Site "Madrid ESP"]
[Date "2017.02.05"]
[Round "8.41"]
[White "Vazquez Igarza, Renier"]
[Black "Martinez Reyes, Pedro Ramon"]
[Result "0-1"]
[WhiteElo "2566"]
[BlackElo "2371"]
[PlyCount "66"]
[EventDate "2016.11.20"]
[EventType "team-tourn"]
[EventRounds "14"]
[EventCountry "ESP"]
[SourceTitle "Ajedrez en Madrid"]
[Source "lmi"]
[SourceDate "2016.11.20"]
[WhiteTeam "Collado Villalba"]
[BlackTeam "Blanco y Negro"]
[WhiteTeamCountry "ESP"]
[BlackTeamCountry "ESP"]

1. d4 d5 2. Nf3 Nc6 3. e3 Bg4 4. Be2 Nf6 5. Nbd2 e6 6. c4 dxc4 7. Nxc4 Qd5 8.
Qb3 Be7 9. h3 Bh5 10. Bd2 O-O 11. O-O a5 12. Rfc1 a4 13. Qd1 Ne4 14. Be1 Rfd8
15. a3 Ng5 16. Ncd2 Nxf3+ 17. Nxf3 Bf8 18. Bc3 Na5 19. Bxa5 Qxa5 20. Ne5 Bxe2
21. Qxe2 c5 22. dxc5 Rd5 23. Nf3 Rxc5 24. Rxc5 Qxc5 25. Qd1 g6 26. Qd7 b5 27.
Nd4 Rb8 28. Rd1 Rb6 29. Qa7 e5 30. b4 Qd6 31. Rd2 exd4 32. Rxd4 Qb8 33. Qd7 Rd6
0-1

[Event "Liga Madrileña - DH 2016-2017"]
[Site "Madrid ESP"]
[Date "2017.02.05"]
[Round "8.42"]
[White "Bolado Saez, Sergio"]
[Black "Moreno Ruiz, Javier"]
[Result "0-1"]
[WhiteElo "2370"]
[BlackElo "2448"]
[PlyCount "68"]
[EventDate "2016.11.20"]
[EventType "team-tourn"]
[EventRounds "14"]
[EventCountry "ESP"]
[SourceTitle "Ajedrez en Madrid"]
[Source "lmi"]
[SourceDate "2016.11.20"]
[WhiteTeam "Blanco y Negro"]
[BlackTeam "Collado Villalba"]
[WhiteTeamCountry "ESP"]
[BlackTeamCountry "ESP"]

1. d4 Nf6 2. c4 g6 3. f3 Bg7 4. e4 d6 5. Ne2 O-O 6. Bg5 c5 7. d5 e6 8. Nec3 h6
9. Be3 exd5 10. cxd5 Nbd7 11. Be2 Nh5 12. g4 Bd4 13. Bxd4 cxd4 14. Qxd4 Nf4 15.
Nd2 Ne5 16. O-O-O a6 17. Kb1 b5 18. a3 Bd7 19. h4 Qf6 20. g5 hxg5 21. hxg5 Qxg5
22. Qg1 Qxg1 23. Rdxg1 Kg7 24. Rh4 Nh3 25. Rh1 Rh8 26. Rxh8 Rxh8 27. Na2 g5 28.
Nb4 a5 29. Nc2 Rh4 30. Bf1 Nf4 31. Rg1 Rh2 32. Nb3 Nxf3 33. Rg3 Rf2 34. Ne3 a4
0-1

[Event "Liga Madrileña - DH 2016-2017"]
[Site "Madrid ESP"]
[Date "2017.02.05"]
[Round "8.43"]
[White "Reyes Larena, Juan"]
[Black "Alarcia Astiz, Carlos"]
[Result "1-0"]
[WhiteElo "2448"]
[BlackElo "2331"]
[PlyCount "65"]
[EventDate "2016.11.20"]
[EventType "team-tourn"]
[EventRounds "14"]
[EventCountry "ESP"]
[SourceTitle "Ajedrez en Madrid"]
[Source "lmi"]
[SourceDate "2016.11.20"]
[WhiteTeam "Collado Villalba"]
[BlackTeam "Blanco y Negro"]
[WhiteTeamCountry "ESP"]
[BlackTeamCountry "ESP"]

1. e4 c6 2. d3 d5 3. Nd2 g6 4. g3 Bg7 5. Bg2 e6 6. Ngf3 Nd7 7. O-O Ne7 8. Re1
O-O 9. e5 c5 10. Nf1 Qc7 11. Qe2 Nc6 12. Bf4 b5 13. h4 h6 14. N1h2 Qb6 15. c3
a5 16. Qd2 Kh7 17. d4 b4 18. Ng4 h5 19. Ngh2 a4 20. a3 bxc3 21. bxc3 Na5 22.
Rab1 Nc4 23. Qc1 Qa5 24. g4 hxg4 25. Nxg4 f5 26. Ng5+ Kg8 27. Nxe6 fxg4 28.
Nxg7 cxd4 29. Ne6 Ndxe5 30. Bxe5 Bxe6 31. Bxd4 Qa6 32. Qh6 Kf7 33. Bxd5 1-0

[Event "Liga Madrileña - DH 2016-2017"]
[Site "Madrid ESP"]
[Date "2017.02.05"]
[Round "8.44"]
[White "Renteria Becerra, Jorge Elicer"]
[Black "Gascon del Nogal, Jose Rafael"]
[Result "0-1"]
[WhiteElo "2226"]
[BlackElo "2442"]
[PlyCount "58"]
[EventDate "2016.11.20"]
[EventType "team-tourn"]
[EventRounds "14"]
[EventCountry "ESP"]
[SourceTitle "Ajedrez en Madrid"]
[Source "lmi"]
[SourceDate "2016.11.20"]
[WhiteTeam "Blanco y Negro"]
[BlackTeam "Collado Villalba"]
[WhiteTeamCountry "ESP"]
[BlackTeamCountry "ESP"]

1. e4 e5 2. Nf3 Nc6 3. d4 exd4 4. Nxd4 Nf6 5. Nxc6 bxc6 6. e5 Qe7 7. Qe2 Nd5 8.
c4 Ba6 9. b3 Qh4 10. Bb2 Bb4+ 11. Kd1 Nf4 12. Qe3 Ne6 13. g3 Qe7 14. f4 Bc5 15.
Qe4 O-O-O 16. Nd2 d6 17. b4 Bxb4 18. c5 Bxf1 19. exd6 cxd6 20. Qxb4 dxc5 21.
Qa5 Rxd2+ 22. Kxd2 Rd8+ 23. Kc1 Nxf4 24. Bc3 Ne2+ 25. Kb2 Nxc3 26. Qxc3 Qe2+
27. Kb3 Rd7 28. a4 c4+ 29. Kb4 Qe7+ 0-1

[Event "Liga Madrileña - DH 2016-2017"]
[Site "Madrid ESP"]
[Date "2017.02.05"]
[Round "8.45"]
[White "Martinez Rodriguez, Pablo"]
[Black "Shen, Yue"]
[Result "1/2-1/2"]
[WhiteElo "2277"]
[BlackElo "2223"]
[PlyCount "77"]
[EventDate "2016.11.20"]
[EventType "team-tourn"]
[EventRounds "14"]
[EventCountry "ESP"]
[SourceTitle "Ajedrez en Madrid"]
[Source "lmi"]
[SourceDate "2016.11.20"]
[WhiteTeam "Collado Villalba"]
[BlackTeam "Blanco y Negro"]
[WhiteTeamCountry "ESP"]
[BlackTeamCountry "ESP"]

1. d4 d5 2. Bf4 Nf6 3. e3 e6 4. Nf3 Be7 5. Bd3 b6 6. c3 O-O 7. Ne5 Bb7 8. O-O
Nbd7 9. h3 c5 10. Nd2 Re8 11. Bb5 a6 12. Nc6 Bxc6 13. Bxc6 Ra7 14. Nf3 Qc8 15.
Ne5 Rd8 16. Ba4 b5 17. Bc2 Qb7 18. Nxd7 Nxd7 19. Qf3 Qb6 20. Rad1 Nf8 21. dxc5
Qxc5 22. e4 d4 23. Bb3 Bf6 24. cxd4 Bxd4 25. Rxd4 Rxd4 26. Rc1 Qe7 27. Be3 Rd3
28. Bc2 Rxe3 29. Qxe3 Rc7 30. Bd3 Rxc1+ 31. Qxc1 Qd6 32. Qc3 g5 33. g3 Nd7 34.
b4 Ne5 35. Be2 Nc6 36. a3 e5 37. Bg4 Kg7 38. Qe3 Qf6 39. Qb6 1/2-1/2

[Event "Liga Madrileña - DH 2016-2017"]
[Site "Madrid ESP"]
[Date "2017.02.05"]
[Round "8.46"]
[White "Rodriguez Melendez, Juan Humberto"]
[Black "Collazo Hidalgo Gato, Niala"]
[Result "0-1"]
[WhiteElo "2166"]
[BlackElo "2225"]
[PlyCount "68"]
[EventDate "2016.11.20"]
[EventType "team-tourn"]
[EventRounds "14"]
[EventCountry "ESP"]
[SourceTitle "Ajedrez en Madrid"]
[Source "lmi"]
[SourceDate "2016.11.20"]
[WhiteTeam "Blanco y Negro"]
[BlackTeam "Collado Villalba"]
[WhiteTeamCountry "ESP"]
[BlackTeamCountry "ESP"]

1. d4 g6 2. e4 Bg7 3. Nc3 d6 4. Be3 Nd7 5. h4 h5 6. Qd2 a6 7. O-O-O b5 8. Nh3
Bb7 9. Ng5 Nh6 10. f3 Rc8 11. g4 c5 12. gxh5 b4 13. Ne2 Qa5 14. Kb1 Nb6 15.
hxg6 Nc4 16. Qd3 Nxb2 17. Kxb2 c4 18. gxf7+ Nxf7 19. Bh3 cxd3 20. Rxd3 Nxg5 21.
Bxc8 Bxc8 22. Bxg5 Be6 23. Nc1 Bc4 24. Rd2 Qa3+ 25. Kb1 Qxf3 26. Re1 Qc3 27.
Red1 a5 28. e5 a4 29. Rd3 Bxd3 30. Rxd3 Qc4 31. exd6 Bf6 32. Bxf6 exf6 33. Re3+
Kd8 34. Re4 Re8 0-1